La Pocesión del Corpus / por Fernando Gómez Catón
Publicado:
San Jorge, núm. 78 (2n trimestre 1970), pàg 62 - 75 :
MARC
| LEADER | 00000nam a2200000Ia 4500 | ||
|---|---|---|---|
| 001 | |||
| 008 | 160829s9999 xx 000 0 cat d | ||
| 100 | |a Gómez Catón, Fernando |9 29715 | ||
| 245 | |a La Pocesión del Corpus / por Fernando Gómez Catón | ||
| 260 | |a San Jorge, núm. 78 (2n trimestre 1970), pàg 62 - 75 | ||
| 650 | |a Corpus Christi |x Història |9 40652 | ||
| 650 | 0 | |a Setmana Santa |z Barcelona (Catalunya) |9 31219 | |
| 650 | 0 | |a Festivitats religioses |9 31151 | |
| 650 | |a Barcelona |x Processons religioses |9 31220 | ||
| 901 | |a Arxiu | ||
| 942 | |n 1 | ||
| 952 | |0 0 |1 0 |4 0 |7 1 |9 49834 |a Arxiu |b Arxiu |d 2016-12-01 |l 0 |r 2016-12-01 00:00:00 |w 2016-12-01 |y ARXIU | ||
| 999 | |c 53676 |d 53676 | ||